000 01455nam a2200313 a 4500
001 BRCA_5434
005 20190320205057.0
008 731029s1938####nyua######---#000-0#eng-#
041 _aeng
044 _anyu
050 4 _aZ2682
_b.P46 1938
100 1 _aPenney, Clara Louisa
_913873
245 1 0 _aList of books printed 1601-1700
_bin the Library of the Hispanic Society of America
_cby Clara Louisa Penney.
260 _aNueva York
_bOrder of Trustees
_c1938
300 _axxvi, 972 p.
_c20 cm.
440 0 _aHispanic notes & monographs: essays, studies, and bref biographies issued by the Hispanic Society of America
_913874
500 _aIncluye indice alfabético
500 _aCon apendices: I. Libros de Los Siglos XV y XVI no incluidos en la ´Lista de libros impresos antes de 1601´ (Nueva York, 1929). -- II. Lista revisada de imprentas e impresores de libros Hispanos 1468?-1700
500 _aVer también M22 para libros impresos antes de 1601
500 _aM29
504 _aBibliografía: p. [vii]-xxvi
650 1 4 _aLiteratura española
_xBibliografía
_yPeriodo Clásico 1500-1700
_913875
650 1 4 _aBibliografía
_xPrimeros libros impresos
_ySiglo XVII
_zAmérica Latina
_913876
650 1 4 _aBibliografía
_xPrimeros libros impresos
_ySiglo XVII
_zEspaña
_913877
650 1 4 _aLibros ilustrados
_vBibliografía
_ySiglos XVII y XVIII
_913878
710 2 _aHispanic Society of America
_913879
902 _aGFM
942 _2lcc
_cB
999 _c5128
_d5128